000 00419nam a2200169Ia 4500
008 221030s9999 xx 000 0 und d
020 _a9352621699
041 _aEnglish
100 _aC. B. Mamoria
245 0 _aDynamics Of Industrial Relations
_cby C. B. Mamoria, S. Mamoria
250 _a16th
260 _bHPH
_aNew Delhi
_c2016
300 _a563
650 _aManagement
700 _aS. Mamoria
942 _cBK
999 _c17155
_d17155